[Event "Lichtenberger Sommer"]
[Site "Berlin"]
[Date "2009.08.20"]
[Round "6.64"]
[White "Boeck, Rüdiger"]
[Black "Getzuhn, Detlef"]
[Result "1-0"]
[WhiteElo "1655"]
[BlackElo "1957"]
[PlyCount "137"]
[EventDate "2009.??.??"]
[WhiteTeam "SC Weisse Dame Ulm e.V."]
[BlackTeam "SV Senat e.V."]

1. e4 c5 2. Nf3 g6 3. d4 cxd4 4. Nxd4 Bg7 5. c3 Nc6 6. Be3 Nf6 7. Nxc6 bxc6 8.
Nd2 O-O 9. Bd3 d5 10. O-O e5 11. Bc5 Re8 12. exd5 cxd5 13. Bb5 Bd7 14. Qa4 a6
15. Bc6 Bxc6 16. Qxc6 Re6 17. Qa4 Qc7 18. Be3 Rb8 19. Nb3 Qc4 20. Qxc4 dxc4 21.
Nc5 Rc6 22. Na4 Ng4 23. Bc5 Rb5 24. h3 Nh6 25. Ba3 Bf8 26. Bxf8 Kxf8 27. Rfd1
Ke7 28. Rd2 Rd6 29. Rad1 Rxd2 30. Rxd2 Nf5 31. Kf1 Nd6 32. Ke1 f5 33. Kd1 Ne4
34. Re2 Kd6 35. f3 Nf6 36. Kc2 Nh5 37. b3 cxb3+ 38. axb3 Nf4 39. Rf2 Kc6 40. c4
Rb7 41. Nc3 Ne6 42. Ne2 Kc5 43. Kc3 a5 44. Rf1 Nd4 45. Nxd4 exd4+ 46. Kc2 Re7
47. Ra1 Re2+ 48. Kd3 Re3+ 49. Kc2 Kb6 50. Rd1 a4 51. bxa4 Rc3+ 52. Kb2 Rxc4 53.
Kb3 Kc5 54. a5 Rc3+ 55. Kb2 Kc4 56. Rc1 Kb4 57. Rxc3 dxc3+ 58. Kc2 Kxa5 59.
Kxc3 Kb5 60. Kd4 Kc6 61. Ke5 Kd7 62. Kf6 Kd6 63. g4 fxg4 64. fxg4 Kd5 65. Kg7
Ke5 66. Kxh7 Kf6 67. h4 g5 68. h5 Kf7 69. h6 1-0

[Event "Lichtenberger Sommer"]
[Site "Berlin"]
[Date "2009.08.20"]
[Round "6.65"]
[White "Junge, Wolfgang"]
[Black "Kujawa, Werner"]
[Result "1/2-1/2"]
[WhiteElo "1835"]
[BlackElo "1885"]
[PlyCount "106"]
[EventDate "2009.??.??"]
[WhiteTeam "SC Friesen Lichtenberg e.V."]
[BlackTeam "SV Motor Wildau e.V."]

1. g4 e6 2. Bg2 c5 3. c4 Nc6 4. d3 g6 5. Nc3 Bg7 6. Nf3 Nge7 7. Be3 Nd4 8. Qd2
Nec6 9. O-O O-O 10. Bh6 Nxf3+ 11. exf3 Nd4 12. Bxg7 Kxg7 13. Ne2 Qf6 14. Nxd4
Qxd4 15. Rfe1 d5 16. Rac1 Rd8 17. Re3 dxc4 18. Qc3 b6 19. Qxc4 Qxb2 20. Rc2
Qa1+ 21. Rc1 Qd4 22. Qb3 Ba6 23. Rc3 Bb7 24. Qc2 Kg8 25. h3 Qf4 26. Rc4 Rd4 27.
Rc3 Bc6 28. Qb2 Qd6 29. a3 Rd8 30. Bf1 Qd7 31. Be2 Qd6 32. Bf1 Qf4 33. Bg2 Qc7
34. Bf1 Ba4 35. Be2 Bc6 36. Bf1 Qb8 37. Bg2 Qf4 38. Qc2 Ba4 39. Qa2 Qd6 40. Bf1
Bc6 41. Qb2 Ba4 42. Qb1 b5 43. Qc1 Rc8 44. Re4 a5 45. Qe3 Rc7 46. Qc1 b4 47.
Rxd4 Qxd4 48. axb4 axb4 49. Rc4 Qd5 50. Rxb4 Bc6 51. Rb8+ Kg7 52. Qc3+ Qd4 53.
Qxd4+ cxd4 1/2-1/2

[Event "Lichtenberger Sommer"]
[Site "Berlin"]
[Date "2009.08.20"]
[Round "6.66"]
[White "Hahn, Thomas"]
[Black "Krusemark, Gerhard"]
[Result "1-0"]
[WhiteElo "1826"]
[BlackElo "1858"]
[PlyCount "107"]
[EventDate "2009.??.??"]
[WhiteTeam "SC Empor Potsdam 1952 e.V."]
[BlackTeam "TSG Rot-Weiß Fredersdorf/Vogelsd"]

1. d4 d5 2. Bf4 c5 3. e3 Nf6 4. c3 e6 5. Nf3 Nc6 6. Bd3 Be7 7. Nbd2 Bd7 8. h3
cxd4 9. exd4 Qb6 10. Qc2 Rc8 11. Qb3 O-O 12. Qxb6 axb6 13. O-O Ra8 14. Bc7 Bd8
15. Bd6 Re8 16. Rfe1 Na7 17. Re3 Nb5 18. Bg3 Be7 19. Ne5 Bc6 20. a3 Nd6 21.
Rae1 Bb5 22. Nxf7 Kxf7 23. Bxd6 Bxd3 24. Bxe7 Rxe7 25. Rxd3 Ne8 26. Nf3 Nc7 27.
Rde3 Rae8 28. Ng5+ Kg8 29. f4 h6 30. Nf3 Rf7 31. g3 Ref8 32. Ne5 Rf5 33. g4
Rxf4 34. Ng6 R4f6 35. Nxf8 Kxf8 36. Rf1 Ke7 37. Kg2 Rg6 38. Ref3 h5 39. Rf7+
Kd6 40. Kg3 hxg4 41. hxg4 Kc6 42. Rh1 Ne8 43. Rh7 Rxg4+ 44. Kxg4 Nf6+ 45. Kf4
Nxh7 46. Rxg7 Nf8 47. Ke5 b5 48. Rf7 Nd7+ 49. Kxe6 Nb6 50. b3 Nc8 51. Rd7 Na7
52. Rxd5 b4 53. axb4 Nb5 54. Rxb5 1-0

[Event "Lichtenberger Sommer"]
[Site "Berlin"]
[Date "2009.08.20"]
[Round "6.67"]
[White "Metin, Altug"]
[Black "Nagel, Gerhard"]
[Result "0-1"]
[WhiteElo "1600"]
[BlackElo "1950"]
[PlyCount "82"]
[EventDate "2009.??.??"]
[WhiteTeam "vereinslos"]
[BlackTeam "SC Einheit Bautzen"]

1. e4 e5 2. Nf3 Nc6 3. Bb5 Bc5 4. Nxe5 Nxe5 5. d4 Bd6 6. dxe5 Bxe5 7. f4 Bf6 8.
Nc3 c6 9. Be2 Qb6 10. e5 Bh4+ 11. g3 Be7 12. Qd3 Bb4 13. a3 Bxc3+ 14. Qxc3 Ne7
15. e6 O-O 16. exf7+ Rxf7 17. Be3 Nd5 18. Bxb6 Nxc3 19. Bd4 Nxe2 20. Kxe2 d5
21. Rae1 Bf5 22. Kd2 Be4 23. Rhf1 b6 24. c4 c5 25. cxd5 Bxd5 26. Bc3 Bc4 27.
Rf3 Rd8+ 28. Kc2 Rfd7 29. Rfe3 Kf7 30. h4 Bd3+ 31. Kb3 Bf5 32. Kc4 h5 33. Kb3
g6 34. Kc4 Rc8 35. Re5 Rc6 36. R5e3 a6 37. Kb3 Rcd6 38. Kc4 Be6+ 39. Rxe6 Rxe6
40. Rxe6 Kxe6 41. Be1 Rd1 0-1

[Event "Lichtenberger Sommer"]
[Site "Berlin"]
[Date "2009.08.20"]
[Round "6.68"]
[White "Schild, Reinhard"]
[Black "Kazman, Caner"]
[Result "0-1"]
[WhiteElo "1593"]
[BlackElo "1941"]
[PlyCount "96"]
[EventDate "2009.??.??"]
[WhiteTeam "SG Weißensee 49 e.V."]
[BlackTeam "SV Empor Berlin e.V."]

1. e4 d6 2. d4 Nf6 3. Bd3 g6 4. Ne2 Bg7 5. Nbc3 c5 6. O-O O-O 7. Kh1 Nc6 8. f4
cxd4 9. Nb5 e5 10. f5 a6 11. Na3 b5 12. Bg5 h6 13. Bd2 gxf5 14. Ng3 f4 15. Nh5
Nxh5 16. Qxh5 Qg5 17. Qf3 Qg4 18. Qf2 Kh8 19. Be2 Qg6 20. h3 Be6 21. Bd3 Rg8
22. Rae1 Bf8 23. Re2 Be7 24. Qg1 Qh5 25. Qh2 Rg7 26. Rf3 Rag8 27. Rf1 Bh4 28.
Be1 Bg3 29. Bxg3 Rxg3 30. Ref2 Bxh3 31. Be2 Qh4 32. Bf3 Nd8 33. Nb1 Nc6 34. a3
Ne7 35. Nd2 Ng6 36. Rg1 Bg4 37. Nf1 Qxh2+ 38. Nxh2 Bxf3 39. Nxf3 Ne7 40. Rd1 f5
41. Nd2 h5 42. exf5 Nxf5 43. Ne4 R3g6 44. Rdd2 Ng3+ 45. Nxg3 Rxg3 46. Rd3 Rxd3
47. cxd3 Rg3 48. Rd2 Kg7 0-1

[Event "Lichtenberger Sommer"]
[Site "Berlin"]
[Date "2009.08.20"]
[Round "6.69"]
[White "Kohlmeyer, Dagobert"]
[Black "Schweitzer, Paul"]
[Result "1/2-1/2"]
[WhiteElo "1912"]
[BlackElo "1661"]
[PlyCount "118"]
[EventDate "2009.??.??"]
[WhiteTeam "SC Rochade e.V."]
[BlackTeam "SV Königsjäger Süd-West e.V."]

1. e4 c6 2. d4 d6 3. f4 h5 4. Nf3 Nf6 5. Nc3 e6 6. h3 Be7 7. Be3 h4 8. Bd3 Nh5
9. Ne2 Na6 10. a3 Bd7 11. Qd2 Qc8 12. Bf2 c5 13. Bxa6 bxa6 14. dxc5 dxc5 15.
O-O-O Bb5 16. Nc3 Qb7 17. Qe3 Rb8 18. b3 Ng3 19. Bxg3 hxg3 20. a4 Bc6 21. Ne5
Bf6 22. Nxc6 Qxc6 23. e5 Bh4 24. Ne4 Be7 25. Rhe1 c4 26. Nd6+ Bxd6 27. Rxd6
Qxg2 28. Rg1 Qxh3 29. Qxg3 cxb3 30. cxb3 Rxb3 31. Qxh3 Rhxh3 32. Rxg7 Rh2 33.
Rg8+ Ke7 34. Rgd8 Rb7 35. Rc8 Rf2 36. Rdd8 f5 37. Rh8 Kd7 38. Rcd8+ Kc7 39. Rd6
Rxf4 40. Rxe6 Rc4+ 41. Kd2 Rd4+ 42. Kc3 Rd7 43. Rxa6 Rg7 44. Kc4 Kd7 45. Kd5 f4
46. Rf6 Rb4 47. e6+ Ke7 48. Rfh6 Rxa4 49. R8h7 Ra5+ 50. Ke4 Rxh7 51. Rxh7+ Kxe6
52. Rh6+ Kd7 53. Kxf4 Kc7 54. Ke4 Kb7 55. Kd4 Ra1 56. Kc4 Rb1 57. Kc3 Rb5 58.
Kc4 a6 59. Rh4 Ra5 1/2-1/2

[Event "Lichtenberger Sommer"]
[Site "Berlin"]
[Date "2009.08.20"]
[Round "6.70"]
[White "Kasper, Peter"]
[Black "Rickmann, David"]
[Result "0-1"]
[WhiteElo "1583"]
[BlackElo "1763"]
[PlyCount "62"]
[EventDate "2009.??.??"]
[WhiteTeam "SG Eckturm"]
[BlackTeam "SG Aufbau Elbe Magdeburg"]

1. e4 d5 2. exd5 Qxd5 3. d4 e5 4. dxe5 Qxd1+ 5. Kxd1 Nc6 6. f4 Bf5 7. c3 O-O-O+
8. Ke1 f6 9. exf6 Nxf6 10. h3 Bc5 11. Nd2 Rhe8+ 12. Ne2 Bc2 13. g3 Ne4 14. Rh2
Nxg3 15. b4 Nxb4 16. cxb4 Bd4 17. Rb1 Bc3 18. Rb2 Rxd2 19. Bxd2 Bxb2 20. h4
Nxf1 21. Kxf1 Bd3 22. Ke1 Bf6 23. h5 Bc4 24. a3 Bb2 25. a4 Bb3 26. a5 Bc4 27.
Kd1 Bb3+ 28. Ke1 Kd7 29. Kf2 Kc6 30. Rh1 Bc4 31. Ng3 Bd4+ 0-1

[Event "Lichtenberger Sommer"]
[Site "Berlin"]
[Date "2009.08.20"]
[Round "6.71"]
[White "Mildenberger, Hans"]
[Black "Penner, Markus"]
[Result "0-1"]
[WhiteElo "1628"]
[BlackElo "1886"]
[PlyCount "30"]
[EventDate "2009.??.??"]
[WhiteTeam "BVG Helmholtz"]
[BlackTeam "SK Zehlendorf e.V."]

1. d4 Nf6 2. c4 g6 3. Nc3 Bg7 4. e4 d6 5. g3 O-O 6. Bg2 Nbd7 7. Nge2 e5 8. Be3
Ng4 9. Qd2 Nxe3 10. Qxe3 exd4 11. Nxd4 Ne5 12. b3 Ng4 13. Qd2 Qf6 14. O-O-O
Qxf2 15. Qxf2 Nxf2 0-1

[Event "Lichtenberger Sommer"]
[Site "Berlin"]
[Date "2009.08.20"]
[Round "6.72"]
[White "Lieder, Günter"]
[Black "Kriese, Ralf"]
[Result "1/2-1/2"]
[WhiteElo "1873"]
[BlackElo "1639"]
[PlyCount "41"]
[EventDate "2009.??.??"]
[WhiteTeam "SK Turm Bad Hersfeld"]
[BlackTeam "Greifswalder SV"]

1. e4 e6 2. Nf3 d5 3. exd5 exd5 4. d4 Bd6 5. Bd3 Ne7 6. O-O Bg4 7. Re1 Nd7 8.
c3 c6 9. Nbd2 Qc7 10. h3 Bh5 11. b4 O-O 12. a4 a6 13. Ba3 b5 14. a5 Bg6 15. Qc2
Rae8 16. Rad1 Nf6 17. Bc1 Bxd3 18. Qxd3 Ng6 19. Qf5 Qd7 20. Qxd7 Nxd7 21. Kf1
1/2-1/2

[Event "Lichtenberger Sommer"]
[Site "Berlin"]
[Date "2009.08.20"]
[Round "6.73"]
[White "Kiesewetter, Peter"]
[Black "Engelhardt, Erhard"]
[Result "0-1"]
[WhiteElo "1906"]
[BlackElo "1818"]
[PlyCount "70"]
[EventDate "2009.??.??"]
[WhiteTeam "SC Schwarz-Weiß Lichtenrade e.V."]
[BlackTeam "SSV Rotation Berlin e.V."]

1. Nf3 b6 2. d4 Bb7 3. Bf4 e6 4. e3 f5 5. Be2 Nf6 6. h3 Be7 7. O-O O-O 8. c4 d6
9. Nc3 Ne4 10. Nxe4 fxe4 11. Nd2 Rf6 12. Qc2 Na6 13. Nxe4 Bxe4 14. Qxe4 c5 15.
Bg5 d5 16. Qh4 Rf7 17. Bxe7 Rxe7 18. cxd5 Nc7 19. dxe6 Qd6 20. Rfd1 Qxe6 21. d5
Qd6 22. e4 Rae8 23. f3 Rf8 24. Bd3 g6 25. Rac1 Ne8 26. Bc4 Kg7 27. a3 Re5 28.
Qg3 Qf6 29. Ba2 Rg5 30. Qh4 Rxg2+ 31. Kxg2 Qxh4 32. d6 Qg5+ 33. Kf2 Nxd6 34.
Rxd6 Qxc1 35. Rd7+ Kh6 0-1

[Event "Lichtenberger Sommer"]
[Site "Berlin"]
[Date "2009.08.20"]
[Round "6.74"]
[White "Uckar, Klaudijo"]
[Black "Koischwitz, Wanja"]
[Result "0-1"]
[WhiteElo "1875"]
[BlackElo "1720"]
[PlyCount "52"]
[EventDate "2009.??.??"]
[WhiteTeam "SC Kreuzberg e.V."]
[BlackTeam "Queer-Springer SSV Berlin"]

1. e4 Nf6 2. e5 Nd5 3. Nf3 d6 4. Bc4 Nb6 5. Bxf7+ Kxf7 6. Ng5+ Kg8 7. e6 Qe8 8.
Nf7 Bxe6 9. Nxh8 Kxh8 10. O-O Qg6 11. Qf3 Nc6 12. c3 Bf5 13. Na3 e5 14. Qg3 d5
15. Qxg6 Bxg6 16. d4 Bxa3 17. bxa3 exd4 18. cxd4 Nxd4 19. Be3 Nc2 20. Rac1 d4
21. Bf4 Nd5 22. Bd2 c5 23. h4 c4 24. h5 Bd3 25. Rfd1 Nxa3 26. Bg5 Nc3 0-1

[Event "Lichtenberger Sommer"]
[Site "Berlin"]
[Date "2009.08.20"]
[Round "6.75"]
[White "Mako, Attila"]
[Black "Smajic, Mirza"]
[Result "0-1"]
[WhiteElo "1756"]
[BlackElo "1721"]
[PlyCount "98"]
[EventDate "2009.??.??"]
[WhiteTeam "BSC Rehberge 1945 e.V."]
[BlackTeam "SC Borussia Friedrichsfelde 1920"]

1. d4 d5 2. Bf4 Nf6 3. e3 c5 4. Nc3 Bg4 5. Be2 Bxe2 6. Ngxe2 e6 7. O-O Be7 8.
Ng3 O-O 9. Be5 Nc6 10. Bf4 Qb6 11. Nge2 Rac8 12. Qd2 Nd7 13. Rab1 Rfd8 14. Qc1
Bf6 15. dxc5 Nxc5 16. Rd1 Ne7 17. Nd4 e5 18. Bg3 exd4 19. exd4 Ne6 20. Be5 Bxe5
21. dxe5 Ng6 22. Rxd5 Rxd5 23. Nxd5 Qc5 24. Ne3 Qxe5 25. b3 Qc3 26. Qa3 a6 27.
Rd1 Qc5 28. Qa4 Ne5 29. Rd5 Qc7 30. f4 Nc6 31. g3 Rd8 32. c4 Qb6 33. Kf2 Qb4
34. Rxd8+ Nexd8 35. Qxb4 Nxb4 36. a3 Nd3+ 37. Ke2 Nc1+ 38. Kf3 Nxb3 39. Ke4 Kf8
40. Kd5 g6 41. Kd6 Ne6 42. f5 Nec5 43. f6 Ne6 44. Ng4 Nd2 45. c5 Ne4+ 46. Kd5
N4xc5 47. Ne5 Ke8 48. Nf3 Nd7 49. Nd4 Nxf6+ 0-1

[Event "Lichtenberger Sommer"]
[Site "Berlin"]
[Date "2009.08.20"]
[Round "6.76"]
[White "Glöß, Henrik"]
[Black "Alvarez, Luis"]
[Result "1/2-1/2"]
[WhiteElo "1533"]
[BlackElo "1870"]
[PlyCount "169"]
[EventDate "2009.??.??"]
[WhiteTeam "Sfr.Nord-Ost Berlin"]
[BlackTeam "Schachclub Zug um Zug Everswinke"]

1. d4 d5 2. c4 e6 3. Nf3 Nf6 4. Nc3 c6 5. Bg5 Be7 6. e3 Nbd7 7. Bd3 dxc4 8.
Bxc4 O-O 9. O-O h6 10. Bf4 Nb6 11. Be2 Bd6 12. Bxd6 Qxd6 13. e4 Qe7 14. e5 Nfd5
15. Ne4 Nd7 16. Qd2 c5 17. Rac1 cxd4 18. Qxd4 b6 19. Nd6 Nc5 20. b4 Ba6 21.
Bxa6 Nxa6 22. a3 Nac7 23. Rc2 Ne8 24. Ne4 Nec7 25. Rfc1 Rfd8 26. Qc4 Rd7 27.
Nd6 Ne8 28. Nxe8 Qxe8 29. Qe4 Rad8 30. h3 g6 31. Qg4 Kg7 32. Nd4 Nxb4 33. Nxe6+
Qxe6 34. Qxe6 fxe6 35. axb4 a5 36. bxa5 bxa5 37. Ra2 Rd1+ 38. Rxd1 Rxd1+ 39.
Kh2 Rd5 40. f4 g5 41. g3 Kg6 42. Kg2 Kf5 43. Ra4 gxf4 44. gxf4 h5 45. Kg3 Rb5
46. Kh4 Kg6 47. Kg3 Rb3+ 48. Kh4 Rb4 49. Rxa5 Rxf4+ 50. Kg3 Kf5 51. Kg2 Re4 52.
Kf3 Rxe5 53. Ra4 Rc5 54. Rf4+ Kg5 55. Ra4 Rf5+ 56. Ke3 e5 57. h4+ Kg6 58. Ra6+
Rf6 59. Ra4 Kf5 60. Ra1 Kg4 61. Ke4 Kxh4 62. Kxe5 Rf3 63. Ke4 Rf8 64. Rg1 Re8+
65. Kf4 Rf8+ 66. Ke4 Rf2 67. Ke3 Ra2 68. Kf4 Ra4+ 69. Kf5 Ra3 70. Kf4 Rh3 71.
Rg2 Rh1 72. Kf3 Rf1+ 73. Ke2 Rf5 74. Rg1 Kh3 75. Ke3 Kh2 76. Rg8 h4 77. Ke2 h3
78. Rg7 Ra5 79. Kf2 Ra2+ 80. Kf1 Rg2 81. Rh7 Rg3 82. Kf2 Ra3 83. Rg7 Ra2+ 84.
Kf1 Rg2 85. Rh7 1/2-1/2

[Event "Lichtenberger Sommer"]
[Site "Berlin"]
[Date "2009.08.20"]
[Round "6.77"]
[White "Llacer Bosbach, Ana"]
[Black "Herrmann, Eberhard"]
[Result "0-1"]
[WhiteElo "1492"]
[BlackElo "1827"]
[PlyCount "64"]
[EventDate "2009.??.??"]
[WhiteTeam "CIM Benimaclet - Valencia"]
[BlackTeam "SC Friesen Lichtenberg e.V."]

1. e4 e5 2. Nf3 Nc6 3. d4 exd4 4. Nxd4 Bc5 5. Be3 Bb6 6. c3 d6 7. Bc4 Nf6 8.
Nd2 Ne5 9. f3 a6 10. Bb3 c5 11. Nf5 Bxf5 12. exf5 Nd3+ 13. Kf1 d5 14. Bg5 O-O
15. Qb1 c4 16. Bh4 Be3 17. Bc2 Bxd2 18. Bxd3 cxd3 19. Qxd3 Bf4 20. g4 h6 21.
Kg2 Qb6 22. Qc2 Rae8 23. Rhe1 Re3 24. Bf2 Rxe1 25. Bxb6 Rxa1 26. Qa4 Bb8 27. a3
Re8 28. Bf2 Re2 29. Qd4 Ra2 30. Qc5 Bf4 31. Qc8+ Kh7 32. Qxb7 Raxb2 0-1

[Event "Lichtenberger Sommer"]
[Site "Berlin"]
[Date "2009.08.20"]
[Round "6.78"]
[White "Prix, Siegfried"]
[Black "Knaak, Hans"]
[Result "1-0"]
[WhiteElo "1803"]
[BlackElo "1753"]
[PlyCount "63"]
[EventDate "2009.??.??"]
[WhiteTeam "Sfrd. Berlin 1903 e.V."]
[BlackTeam "Forster Schachclub 95"]

1. e4 c5 2. Nf3 Nf6 3. Nc3 d6 4. d4 cxd4 5. Nxd4 a6 6. Be2 e5 7. Nf3 Be7 8. Bg5
O-O 9. h3 Be6 10. O-O Nc6 11. Bxf6 gxf6 12. Qd2 Kh8 13. Rad1 Rg8 14. Kh1 Qd7
15. g4 Rg7 16. Nd5 Bxg4 17. hxg4 Qxg4 18. Rg1 Qh3+ 19. Nh2 Rag8 20. Rxg7 Rxg7
21. Rg1 Qh4 22. Bg4 f5 23. Nxe7 Nxe7 24. Bxf5 Nxf5 25. exf5 Qe4+ 26. f3 Rxg1+
27. Kxg1 Qc6 28. Qg2 f6 29. Ng4 d5 30. Qd2 Qb6+ 31. Kg2 Qd8 32. Qh6 1-0

[Event "Lichtenberger Sommer"]
[Site "Berlin"]
[Date "2009.08.20"]
[Round "6.80"]
[White "Kapp, Frank"]
[Black "Sivakumaran, Ramesh"]
[Result "1/2-1/2"]
[WhiteElo "1824"]
[BlackElo "1466"]
[PlyCount "110"]
[EventDate "2009.??.??"]
[WhiteTeam "TSV IFA Chemnitz"]
[BlackTeam "SV Empor Berlin e.V."]

1. c4 Nf6 2. d4 g6 3. Nc3 Bg7 4. e4 d6 5. Nf3 O-O 6. h3 e5 7. d5 a5 8. Bd3 Na6
9. O-O Nd7 10. Bg5 Qe8 11. Nb5 f5 12. Bd2 Ndc5 13. Ne1 Nxd3 14. Nxd3 fxe4 15.
Nc1 Bd7 16. a4 b6 17. Qe2 Qf7 18. Na2 Bxb5 19. axb5 Nc5 20. Be3 Nd3 21. Nc3 Qf5
22. Rad1 Nf4 23. Qc2 Qg5 24. Bxf4 exf4 25. Nxe4 Qf5 26. f3 h5 27. Rd2 g5 28.
Nf2 Rae8 29. Qxf5 Rxf5 30. Ne4 Rfe5 31. Re1 Kf7 32. Rde2 Kg6 33. b3 Kf5 34. Nc3
Rxe2 35. Rxe2 Bd4+ 36. Kf1 Rxe2 37. Nxe2 Bc5 38. Ke1 Ke5 39. Kd2 Kf5 40. Kd3
Ke5 41. Nc3 h4 42. Ne4 Kf5 43. Nd2 Bf2 44. Nf1 Bg1 45. Kc3 Bc5 46. Nh2 Kg6 47.
Kd3 Kf5 48. Ng4 Kg6 49. Ke4 Bg1 50. Kd3 Bc5 51. Nh2 Kf5 52. Nf1 Ke5 53. Nd2 Kf5
54. Ne4 Kg6 55. Nxc5 bxc5 1/2-1/2

[Event "Lichtenberger Sommer"]
[Site "Berlin"]
[Date "2009.08.20"]
[Round "6.81"]
[White "Schlittermann, Wolfgang"]
[Black "Stiemerling, Karl-Heinz"]
[Result "1-0"]
[WhiteElo "1644"]
[BlackElo "1766"]
[PlyCount "147"]
[EventDate "2009.??.??"]
[WhiteTeam "SK Gillette"]
[BlackTeam "SG Eckturm"]

1. Nf3 d5 2. d4 c6 3. Nbd2 Nf6 4. c4 Bg4 5. cxd5 cxd5 6. e3 e6 7. Qa4+ Nc6 8.
Ne5 Qb6 9. Bd3 Bd6 10. Nxc6 bxc6 11. f3 Bh5 12. O-O O-O 13. e4 dxe4 14. fxe4
Bg6 15. Nc4 Qxd4+ 16. Be3 Qxd3 17. Rad1 Bxh2+ 18. Kxh2 Qxe4 19. Rd4 Qc2 20.
Qxc2 Bxc2 21. Ne5 Be4 22. Bg5 Bd5 23. Bxf6 gxf6 24. Nd7 f5 25. Nxf8 Kxf8 26. b4
Ke7 27. a3 Rg8 28. g3 h5 29. Re1 Kd6 30. Rf4 Be4 31. Rd1+ Kc7 32. Rf2 f6 33.
Rfd2 Bd5 34. Rc1 Kb6 35. Rd4 a6 36. Rh4 Rg5 37. Rf4 e5 38. Rf2 Be4 39. Rc5 Rg4
40. Rd2 Bd5 41. Rf2 h4 42. gxh4 Rxh4+ 43. Kg3 Rd4 44. Rxf5 Rd3+ 45. Kh4 Rxa3
46. Rxf6 Ra4 47. Rxd5 Rxb4+ 48. Kg3 Rb3+ 49. Kf2 e4 50. Rdd6 Rc3 51. Rfe6 Kc7
52. Rd4 Kb6 53. Rb4+ Kc5 54. Rexe4 a5 55. Rb2 Ra3 56. Ke2 Rh3 57. Rb8 a4 58.
Rxa4 Rh2+ 59. Kf3 Rh3+ 60. Kg2 Rc3 61. Rb2 Rc1 62. Raa2 Rd1 63. Rc2+ Kb6 64.
Rcb2+ Kc5 65. Ra5+ Kd6 66. Rc2 Kc7 67. Rh5 Rd6 68. Rh7+ Kb6 69. Rb2+ Kc5 70.
Rh5+ Kc4 71. Rc2+ Kb3 72. Rhc5 Rg6+ 73. Kf3 Rf6+ 74. Kg4 1-0

[Event "Lichtenberger Sommer"]
[Site "Berlin"]
[Date "2009.08.20"]
[Round "6.82"]
[White "Schönemann, Manfred"]
[Black "Torzinski, Nils"]
[Result "1/2-1/2"]
[WhiteElo "1820"]
[BlackElo "1332"]
[PlyCount "52"]
[EventDate "2009.??.??"]
[WhiteTeam "SV Turbine Berlin e.V."]
[BlackTeam "SC Friesen Lichtenberg e.V."]

1. d4 d5 2. c4 e6 3. e3 Nf6 4. Nf3 c5 5. cxd5 exd5 6. dxc5 Bxc5 7. Nc3 Nc6 8.
a3 O-O 9. b4 Bb6 10. Bb2 Re8 11. Be2 d4 12. exd4 Nxd4 13. Nxd4 Qxd4 14. O-O Qe5
15. Bf3 Bc7 16. g3 Bh3 17. Re1 Rad8 18. Rxe5 Rxd1+ 19. Rxd1 Bxe5 20. Bxb7 Bd4
21. Na4 Bxb2 22. Nxb2 h6 23. Bg2 Bf5 24. h3 Re2 25. Nc4 Be6 26. Ne3 Ra2 1/2-1/2

[Event "Lichtenberger Sommer"]
[Site "Berlin"]
[Date "2009.08.20"]
[Round "6.83"]
[White "Steppan, Siegfried"]
[Black "Samarian, Cornel"]
[Result "0-1"]
[WhiteElo "1584"]
[BlackElo "1811"]
[PlyCount "68"]
[EventDate "2009.??.??"]
[WhiteTeam "SV Werder/H."]
[BlackTeam "SC Pegasus Lohkirchen"]

1. d4 Nf6 2. c4 e6 3. Nc3 d5 4. Bg5 Be7 5. Nf3 h6 6. Bh4 Nbd7 7. e3 c6 8. cxd5
exd5 9. Bd3 O-O 10. O-O Ne4 11. Bxe7 Qxe7 12. Qc2 f5 13. Rfe1 g5 14. Bf1 Qg7
15. Nd2 Nxd2 16. Qxd2 Nf6 17. f3 Be6 18. Bd3 Ne8 19. Kh1 Nd6 20. Rac1 Rac8 21.
Na4 b6 22. Qb4 Qd7 23. Qd2 Rf7 24. Nc3 Rg7 25. Ne2 Bf7 26. Ng3 Bg6 27. Ne2 Kh8
28. Qc2 Re7 29. Ng1 Qe8 30. Qd2 Re6 31. Nh3 Kg7 32. Nf2 Rc7 33. g4 Rce7 34.
Rxc6 Qxc6 0-1

[Event "Lichtenberger Sommer"]
[Site "Berlin"]
[Date "2009.08.20"]
[Round "6.84"]
[White "Winz, Michael"]
[Black "Mohr, Horst"]
[Result "0-1"]
[WhiteElo "1691"]
[BlackElo "1824"]
[PlyCount "106"]
[EventDate "2009.??.??"]
[WhiteTeam "SC Friesen Lichtenberg e.V."]
[BlackTeam "SC Caissa Falkensee e.V."]

1. d4 d5 2. Nf3 Nf6 3. c4 c6 4. Nc3 e6 5. e3 Nbd7 6. Bd2 Be7 7. Bd3 O-O 8. O-O
b6 9. cxd5 cxd5 10. Rc1 a6 11. Bb1 Bb7 12. Re1 Re8 13. Ne5 Bd6 14. f4 Rc8 15.
Qf3 Bb4 16. a3 Bxc3 17. Bxc3 Ne4 18. Qh3 Ndf6 19. Ng4 Nxg4 20. Qxg4 f5 21. Qe2
Nf6 22. Bd2 Qd7 23. h3 Rxc1 24. Rxc1 Rc8 25. Qd1 a5 26. Rxc8+ Qxc8 27. Bd3 Ba6
28. Bxa6 Qxa6 29. Qc2 Qc4 30. Qxc4 dxc4 31. Kf1 Kf8 32. Ke2 Ke7 33. Be1 Kd6 34.
Kf3 Kc6 35. g4 Kd5 36. g5 Ne4 37. Ke2 Nd6 38. h4 Ke4 39. Bc3 g6 40. Bd2 Nb5 41.
Be1 Na7 42. Bd2 Nc6 43. Bc3 b5 44. Bd2 b4 45. axb4 axb4 46. Be1 Kd5 47. Kd1 Kd6
48. Kc2 Kd5 49. Kd1 Ke4 50. Ke2 b3 51. Bc3 Ne7 52. Bb4 Nd5 53. Ba3 Nxe3 0-1

[Event "Lichtenberger Sommer"]
[Site "Berlin"]
[Date "2009.08.20"]
[Round "6.85"]
[White "Richter, Dirk"]
[Black "Dietzel, Uwe"]
[Result "0-1"]
[WhiteElo "1448"]
[BlackElo "1739"]
[PlyCount "104"]
[EventDate "2009.??.??"]
[WhiteTeam "SG Lok Brandenburg, Abt. Schach"]
[BlackTeam "TSV Lichtentanne SAbt"]

1. e4 b6 2. d4 Bb7 3. Bd3 Nf6 4. Nc3 e6 5. Nf3 Bb4 6. Bg5 h6 7. Bxf6 Bxc3+ 8.
bxc3 Qxf6 9. O-O O-O 10. Re1 d6 11. c4 e5 12. d5 Nd7 13. Nd2 Bc8 14. Re3 Qe7
15. g4 Nf6 16. h3 Nh7 17. Rg3 g5 18. Nf1 f6 19. Ne3 Rf7 20. Nf5 Bxf5 21. exf5
Nf8 22. f3 Nd7 23. Rg2 Nc5 24. Re2 Qf8 25. Be4 Qc8 26. Qd2 Qa6 27. Qb4 Qa4 28.
Qxa4 Nxa4 29. Re3 a5 30. Kg2 Rh7 31. Rh1 Kg7 32. h4 gxh4 33. Rxh4 h5 34. gxh5
Rah8 35. Rg4+ Kf7 36. f4 exf4 37. Rh3 Rxh5 38. Rxh5 Rxh5 39. Rxf4 Nc3 40. a3
Nxe4 41. Rxe4 Rxf5 42. Rh4 Kg7 43. Re4 Re5 44. Kf3 Rxe4 45. Kxe4 Kg6 46. Kf4 a4
47. c3 f5 48. Kf3 Kg5 49. Kg3 f4+ 50. Kf3 Kf5 51. Kf2 Ke4 52. Ke2 f3+ 0-1

[Event "Lichtenberger Sommer"]
[Site "Berlin"]
[Date "2009.08.20"]
[Round "6.86"]
[White "Paris, Gerhard"]
[Black "Sotter-Klundt, Gerlinde"]
[Result "0-1"]
[WhiteElo "1671"]
[BlackElo "1839"]
[PlyCount "86"]
[EventDate "2009.??.??"]
[WhiteTeam "TSG Oberschöneweide e.V."]
[BlackTeam "SC S.-W. Schweinheim"]

1. e4 e6 2. d4 d5 3. e5 c5 4. c3 Nc6 5. Nf3 Be7 6. Bb5 Qb6 7. Bxc6+ bxc6 8. Qc2
cxd4 9. cxd4 Ba6 10. Nc3 Rc8 11. Qb3 c5 12. Qxb6 axb6 13. Be3 b5 14. a4 cxd4
15. Nxd4 b4 16. Ncb5 Bc5 17. Kd2 Kd7 18. Rhc1 Ne7 19. Rc2 Bxd4 20. Bxd4 Rxc2+
21. Kxc2 Rc8+ 22. Kb3 Rc4 23. Bb6 Re4 24. f3 Rxe5 25. Kxb4 Nc6+ 26. Ka3 Re2 27.
Rg1 Bxb5 28. axb5 Ne5 29. Bd4 Nc4+ 30. Kb4 e5 31. Bc3 Nxb2 32. Bxb2 Rxb2+ 33.
Kc5 d4 34. Kb6 d3 35. Ka6 Ra2+ 36. Kb7 d2 37. b6 f5 38. Kb8 e4 39. fxe4 fxe4
40. Rf1 e3 41. Rf7+ Ke6 42. Ra7 Rb2 43. b7 d1=Q 0-1

[Event "Lichtenberger Sommer"]
[Site "Berlin"]
[Date "2009.08.20"]
[Round "6.87"]
[White "Maslov, Maxim"]
[Black "Krawatzki, Armin"]
[Result "1-0"]
[WhiteElo "1412"]
[BlackElo "1874"]
[PlyCount "44"]
[EventDate "2009.??.??"]
[WhiteTeam "vereinslos"]
[BlackTeam "SVG Läufer Reinickendorf e.V."]

1. e4 d5 2. exd5 Qxd5 3. Nc3 Qa5 4. d4 Nf6 5. Nf3 Bf5 6. Bd3 Bxd3 7. Qxd3 e6 8.
O-O c6 9. Bf4 Be7 10. Rad1 O-O 11. Rfe1 Nbd7 12. a3 Rfd8 13. Ng5 h6 14. Nge4
Nxe4 15. Nxe4 Nf6 16. Nxf6+ Bxf6 17. Be5 Bxe5 18. Rxe5 Rd5 19. Rxd5 exd5 20.
Qe2 Qc7 21. Re1 Kf8 22. c3 Re8 1-0